000 00624nam a22002297a 4500
003 OSt
005 20140310184526.0
008 131022t xxu||||| |||| 00| 0 eng d
020 _a0439202299
050 _aPZ 7
_b.H4315Sn 2001
100 _aHerman, Gail.
_928877
245 _aSnack Snatcher /
_cGail Herman.
260 _aNew York:
_bScholastics inc.,
_c2001.
300 _a32 p. :
_bcol. ill. ;
_c23 cm.
521 _aG1
526 _c120
650 _aDogs
_xJuvenile fiction.
_930218
650 _a Contests
_x Fiction.
_930219
650 _aCooking
_xFiction.
_930220
942 _2lcc
_cBK-SCHOLAS
999 _c35124
_d35124